000 00746nam a22002057a 4500
999 _c7662
_d7662
003 AR-CdUCM
008 190321b ||||| |||| 00| 0 spa d
040 _aMUNICIPALIDAD PROVINCIAL DEL CUSCO
_cBIBLIOTECA MUNICIPAL DEL CUSCO
082 _a572.06 /
_bP77
110 _aPontifica Univesidad Catolica del Perú
_921636
245 _aMesa Redonda de Ciencias Prehistóricas y Antropológicas /
260 _aPerú :
_bInstituto de Riva - Guero,
_c1965.
300 _a248 páginas ;
_c21 cm.
505 _aContenido : Antropologia, Etnologia y Etnohistoria -- Hemotipologia...
650 _aAntropologia Cientifica
_921637
650 _aCiencias Prehistoricas
_921638
650 _aEstudios de Razas
_921639
942 _2ddc
_cLIBROS
945 _artm